书目信息 |
| 题名: |
乘风破浪
|
|
| 作者: | 草明 著 | |
| 分册: | ||
| 出版信息: | 北京 人民文学出版社 1978 |
|
| 页数: | 468页 | |
| 开本: | 19cm | |
| 丛书名: | ||
| 单 册: | ||
| 中图分类: | I247.54 , I247.4 | |
| 科图分类: | ||
| 主题词: | 长篇小说--中国--现代 | |
| 电子资源: | ||
| ISBN: | ||
| 000 | 00606nam0 2200229 450 | |
| 001 | 1536591507 | |
| 005 | 20150127223024.56 | |
| 010 | @dCNY0.92 | |
| 091 | @a10019.2610 | |
| 100 | @a19950724d1978 em y0chiy0110 ea | |
| 101 | 0 | @achi |
| 102 | @aCN@b110000 | |
| 105 | @af z 000ay | |
| 200 | 1 | @a乘风破浪@9cheng feng po lang@f草明著 |
| 210 | @a北京@c人民文学出版社@d1978 | |
| 215 | @a468页@c图@d19cm | |
| 606 | 0 | @a长篇小说@y中国@z现代 |
| 690 | @aI247.54@v5 | |
| 690 | @aI247.4@v4 | |
| 701 | 0 | @a草明@9cao ming@c(女,@f1913.6~2002.2)@4著 |
| 801 | 0 | @aCN@bTSSF@c20150127 |
| 905 | @aZUCC@dI247.4@eJY40 | |
| 乘风破浪/草明著.-北京:人民文学出版社,1978 |
| 468页:图;19cm |
| ISBN :CNY0.92 |
| ● |
| 相关链接 |
|
|
|
|
正题名:乘风破浪
索取号:I247.4/JY40
 
预约/预借
| 序号 | 登录号 | 条形码 | 馆藏地/架位号 | 状态 | 备注 |
| 1 | 7856107 | 278561076 | 学院路分馆/ [索取号:I247.4/JY40] | 在馆 |